Metodologia problemi generali, scienze ausiliarie della storia /

Guardado en:
Autor Principal: Congresso Internazionale Di Scienze Storiche, X. Firenze
Formato: Libro
Publicado: Firnze : G. C. Sansoni, 0
Materias:
Etiquetas: Agregar Etiqueta
Sin Etiquetas, Sea el primero en etiquetar este registro!
LEADER 00562nam a22001575a 4500
001 EHU.bham012002
003 AR-BHAM
005 20100219145534.0
008 130507b######################000#0#####d
082 9 0 |a 907 
100 1 |a Congresso Internazionale Di Scienze Storiche, X. Firenze 
245 1 0 |a Metodologia problemi generali, scienze ausiliarie della storia /  |c X. Firenze Congresso Internazionale Di Scienze Storiche 
260 |a Firnze :  |b G. C. Sansoni, 0 
300 |a 641 p. 
653 |a Historiografia 
859 |a AR-BHAM  |b BIB. HUMANIDADES - General  |h 907  |i C76  |p 465.65  |t Ej.1